[Event "Tuimazy-ch"]
[Site "Tuimazy"]
[Date "2018.01.31"]
[Round "4"]
[White "Makhmutov, Azamat"]
[Black "Sakhabutdinov, Dinar"]
[Result "1-0"]
[WhiteElo "1738"]
[BlackElo "1644"]
[PlyCount "57"]
[EventDate "2018.01.28"]
[EventType "tourn"]
[EventRounds "11"]
[EventCountry "RUS"]
[SourceTitle "EXT 2019"]
[Source "ChessBase"]
[SourceDate "2018.10.10"]
[SourceVersion "1"]
[SourceVersionDate "2018.10.10"]
[SourceQuality "1"]

1. d4 d5 2. c4 c6 3. Nc3 Nf6 4. Nf3 e6 5. a3 dxc4 6. e3 Nbd7 7. Bxc4 b5 8. Bd3 Bd6 9. Bd2 Bb7 10. Qc2 a6 11. Ne4 Nxe4 12. Bxe4 Qb6 13. b4 Nf6 14. Bd3 Nd7 15. Bc3 h6 16. Nd2 0-0 17. Ne4 Qc7 18. Nc5 e5 19. Nxd7 Qxd7 20. dxe5 Bc7 21. Bf5 Qe7 22. f4 c5 23. 0-0 c4 24. Bd4 Rfe8 25. Rfd1 g6 26. Bc5 Qh4 27. Bxg6 Kg7 28. Bxf7 Kxf7 29. Qh7+ 1-0

[Event "Tuimazy-ch"]
[Site "Tuimazy"]
[Date "2018.01.28"]
[Round "1"]
[White "Evstafyev, Georgy"]
[Black "Makhmutov, Azamat"]
[Result "1-0"]
[WhiteElo "1522"]
[BlackElo "1738"]
[PlyCount "103"]
[EventDate "2018.01.28"]
[EventType "tourn"]
[EventRounds "11"]
[EventCountry "RUS"]
[SourceTitle "EXT 2019"]
[Source "ChessBase"]
[SourceDate "2018.10.10"]
[SourceVersion "1"]
[SourceVersionDate "2018.10.10"]
[SourceQuality "1"]

1. e4 c5 2. Nf3 d6 3. d4 cxd4 4. Nxd4 Nf6 5. Nc3 a6 6. f3 e6 7. Be3 Be7 8. Qd2 b5 9. g4 Bb7 10. h4 Nfd7 11. g5 Nb6 12. Qg2 d5 13. h5 Qd6 14. g6 Bf6 15. gxf7+ Kxf7 16. Qh2 Qxh2 17. Rxh2 N8d7 18. Bg1 b4 19. Nce2 dxe4 20. f4 Nc4 21. b3 Nd6 22. Rd1 Rac8 23. Bh3 Rhe8 24. Nxe6 Rxe6 25. f5 Bh4+ 26. Kf1 Rf6 27. Bd4 Nxf5 28. Bxf6 Ne3+ 29. Kg1 Nxd1 30. Bxh4 Bc6 31. Nd4 e3 32. Nxc6 Rxc6 33. Bxd7 Rd6 34. Bg4 Nc3 35. Be1 Rd4 36. Bf3 Nxa2 37. Re2 Rf4 38. Rxe3 g6 39. h6 g5 40. Bh5+ Kf6 41. Rf3 Rxf3 42. Bxf3 Kg6 43. Bd2 Kxh6 44. Kg2 Kg6 45. Be4+ Kh6 46. Kg3 a5 47. Kg4 Kg7 48. Kxg5 Kf7 49. Bxh7 Ke6 50. Kf4 Kd5 51. Ke3 Ke5 52. Be4 1-0

[Event "Chishmy Cup 08 A"]
[Site "Chishmy"]
[Date "2016.08.10"]
[Round "7"]
[White "Gafarov, Damir"]
[Black "Makhmutov, Azamat"]
[Result "1-0"]
[WhiteElo "1610"]
[BlackElo "1529"]
[PlyCount "45"]
[EventDate "2016.08.06"]
[EventType "tourn"]
[EventRounds "9"]
[EventCountry "RUS"]
[SourceTitle "EXT 2022"]
[Source "ChessBase"]
[SourceDate "2021.10.06"]
[SourceVersion "1"]
[SourceVersionDate "2021.10.06"]
[SourceQuality "1"]

1. e4 c5 2. Nf3 e6 3. d4 cxd4 4. Nxd4 a6 5. Bd3 Nc6 6. Nxc6 bxc6 7. 0-0 Nf6 8. e5 Nd5 9. a3 Qc7 10. c4 Nb6 11. f4 Bc5+ 12. Kh1 0-0 13. b4 Bd4 14. Bxh7+ Kxh7 15. Qxd4 g6 16. Nc3 Bb7 17. Be3 Nc8 18. Ne4 Kg7 19. Nf6 Rd8 20. f5 Rh8 21. fxg6 fxg6 22. Qf4 Ne7 23. Nd5 1-0

[Event "Tuimazy-ch"]
[Site "Tuimazy"]
[Date "2016.02.07"]
[Round "11"]
[White "Gafarov, Damir"]
[Black "Makhmutov, Azamat"]
[Result "1-0"]
[WhiteElo "1806"]
[BlackElo "1508"]
[PlyCount "67"]
[EventDate "2016.01.19"]
[EventType "tourn"]
[EventRounds "13"]
[EventCountry "RUS"]
[SourceTitle "CBM 170 Extra"]
[Source "ChessBase"]
[SourceDate "2016.02.25"]
[SourceVersion "1"]
[SourceVersionDate "2016.02.25"]
[SourceQuality "1"]

1. e4 c5 2. d4 cxd4 3. c3 d3 4. Bxd3 Nc6 5. Bc2 d6 6. h3 e6 7. Nf3 Be7 8. 0-0 Nf6 9. Re1 0-0 10. Nbd2 Qc7 11. Nf1 Bd7 12. Ne3 h6 13. Nh2 Kh8 14. Nhg4 e5 15. g3 Bxg4 16. hxg4 g6 17. Kg2 Kg7 18. Rh1 Rh8 19. Bd2 h5 20. g5 Nh7 21. f4 exf4 22. gxf4 Rad8 23. c4 Nf8 24. Bc3+ Kg8 25. Bxh8 Kxh8 26. Nd5 Qd7 27. Rxh5+ gxh5 28. Qxh5+ Kg7 29. Rh1 Ng6 30. Qh6+ Kg8 31. f5 Nce5 32. Nf6+ Bxf6 33. gxf6 Nf4+ 34. Kf1 1-0

[Event "Tuimazy-ch"]
[Site "Tuimazy"]
[Date "2016.01.30"]
[Round "6"]
[White "Makhmutov, Azamat"]
[Black "Tazetdinov, Munir"]
[Result "0-1"]
[WhiteElo "1518"]
[BlackElo "1757"]
[PlyCount "52"]
[EventDate "2016.01.19"]
[EventType "tourn"]
[EventRounds "13"]
[EventCountry "RUS"]
[SourceTitle "CBM 170 Extra"]
[Source "ChessBase"]
[SourceDate "2016.02.25"]
[SourceVersion "1"]
[SourceVersionDate "2016.02.25"]
[SourceQuality "1"]

1. d4 Nf6 2. c4 g6 3. Nc3 Bg7 4. e4 d6 5. f3 0-0 6. Be3 Nc6 7. Qd2 a6 8. g4 Rb8 9. h4 e5 10. d5 Nd4 11. Nce2 c5 12. Bh6 Bxh6 13. Qxh6 Nc2+ 14. Kd1 Nxa1 15. h5 b5 16. hxg6 fxg6 17. Ng3 Rf7 18. Qc1 bxc4 19. Qxa1 Qb6 20. Rh2 c3 21. bxc3 Qb1+ 22. Qxb1 Rxb1+ 23. Kc2 Rfb7 24. N1e2 c4 25. Kd2 R7b2+ 26. Ke3 Bxg4 0-1

[Event "Tuimazy-ch"]
[Site "Tuimazy"]
[Date "2016.01.26"]
[Round "4"]
[White "Zemlyanov, Nikita Anatolievich"]
[Black "Makhmutov, Azamat"]
[Result "1-0"]
[WhiteElo "2069"]
[BlackElo "1518"]
[PlyCount "43"]
[EventDate "2016.01.19"]
[EventType "tourn"]
[EventRounds "13"]
[EventCountry "RUS"]
[SourceTitle "CBM 170 Extra"]
[Source "ChessBase"]
[SourceDate "2016.02.25"]
[SourceVersion "1"]
[SourceVersionDate "2016.02.25"]
[SourceQuality "1"]

1. d4 Nf6 2. c4 d6 3. Nc3 g6 4. e4 Bg7 5. f3 0-0 6. Be3 e5 7. d5 Nbd7 8. Qd2 a5 9. Nge2 Nc5 10. g4 h5 11. h3 b6 12. Bg5 Ncd7 13. gxh5 gxh5 14. Ng3 Qe8 15. Nb5 Qd8 16. Nf5 Bh8 17. Bh6 Re8 18. Rg1+ Kh7 19. Bg7 Ng8 20. Bxh8 Kxh8 21. Rxg8+ Kxg8 22. Qg2+ 1-0